<?xml version="1.0" encoding="UTF-8"?><?xml-stylesheet type="text/xsl" href="static/style.xsl"?><OAI-PMH xmlns="http://www.openarchives.org/OAI/2.0/" xmlns:xsi="http://www.w3.org/2001/XMLSchema-instance" xsi:schemaLocation="http://www.openarchives.org/OAI/2.0/ http://www.openarchives.org/OAI/2.0/OAI-PMH.xsd"><responseDate>2026-04-14T04:58:57Z</responseDate><request verb="GetRecord" identifier="oai:www.recercat.cat:20.500.12327/4644" metadataPrefix="marc">https://recercat.cat/oai/request</request><GetRecord><record><header><identifier>oai:recercat.cat:20.500.12327/4644</identifier><datestamp>2025-10-22T11:30:34Z</datestamp><setSpec>com_2072_4428</setSpec><setSpec>com_2072_4427</setSpec><setSpec>col_2072_487898</setSpec></header><metadata><record xmlns="http://www.loc.gov/MARC21/slim" xmlns:dcterms="http://purl.org/dc/terms/" xmlns:xsi="http://www.w3.org/2001/XMLSchema-instance" xmlns:doc="http://www.lyncode.com/xoai" xsi:schemaLocation="http://www.loc.gov/MARC21/slim http://www.loc.gov/standards/marcxml/schema/MARC21slim.xsd">
   <leader>00925njm 22002777a 4500</leader>
   <datafield ind2=" " ind1=" " tag="042">
      <subfield code="a">dc</subfield>
   </datafield>
   <datafield ind2=" " ind1=" " tag="720">
      <subfield code="a">Esteve-Garcia, Enric</subfield>
      <subfield code="e">author</subfield>
   </datafield>
   <datafield ind2=" " ind1=" " tag="720">
      <subfield code="a">Brufau, J.</subfield>
      <subfield code="e">author</subfield>
   </datafield>
   <datafield ind2=" " ind1=" " tag="720">
      <subfield code="a">Pérez-Vendrell, Anna Maria</subfield>
      <subfield code="e">author</subfield>
   </datafield>
   <datafield ind2=" " ind1=" " tag="720">
      <subfield code="a">Miquel, A.</subfield>
      <subfield code="e">author</subfield>
   </datafield>
   <datafield ind2=" " ind1=" " tag="720">
      <subfield code="a">Duven, K.</subfield>
      <subfield code="e">author</subfield>
   </datafield>
   <datafield ind2=" " ind1=" " tag="260">
      <subfield code="c">1997-12-01</subfield>
   </datafield>
   <datafield ind2=" " ind1=" " tag="520">
      <subfield code="a">The objective of the study was to&#xd;
determine the effects of two enzyme preparations&#xd;
containing b-glucanase and xylanase activities on barleyand wheat-based diets, respectively, for broilers, in&#xd;
combination with flavomycin. In addition, the stability&#xd;
of the enzyme preparations after pelleting was measured. Temperatures recorded during the pelleting&#xd;
process reached 75 to 80 C, and the activities recovered&#xd;
with respect to the amounts present in the mash feed&#xd;
before pelleting were 80% or higher.&#xd;
Two performance experiments were conducted simultaneously under the same conditions over 6 wk. In&#xd;
addition, intestinal viscosity and incidence of vent&#xd;
pasting were measured and carcasses were eviscerated&#xd;
to determine abdominal fat, carcass yield, and percentage weight of intestines and viscera. Twenty-four pens&#xd;
(12 per sex), each containing 75 chickens were used in each experiment. Wheat- or barley-based diets were&#xd;
supplemented with flavomycin and a xylanase or a bglucanase preparation, respectively, in a 2 · 2 factorial&#xd;
arrangement of treatments. In the wheat diets, xylanase&#xd;
and flavomycin improved feed efficiency, in parallel&#xd;
with a reduction of intestinal viscosity. Xylanase&#xd;
reduced the incidence of vent pasting and the percentage viscera, especially of intestines, and increased&#xd;
abdominal fat. In the barley diets, b-glucanase and&#xd;
flavomycin improved feed conversion. b-Glucanase also&#xd;
reduced intestinal viscosity and vent pasting. Both bglucanase and flavomycin reduced percentage intestines,&#xd;
but the effects were not additive. In general, the effects&#xd;
of the enzyme preparations and flavomycin were&#xd;
independent, except for percentage intestines with b-glucanase.</subfield>
   </datafield>
   <datafield ind1="8" ind2=" " tag="024">
      <subfield code="a">Esteve-Garcia, E, J Brufau, A Perez-Vendrell, A Miquel, and K Duven. 1997. “Bioefficacy of Enzyme Preparations Containing Beta-glucanase and Xylanase Activities in Broiler Diets Based on Barley or Wheat, in Combination With Flavomycin.” Poultry Science 76 (12): 1728-1737. doi: 10.1093/ps/76.12.1728</subfield>
   </datafield>
   <datafield ind1="8" ind2=" " tag="024">
      <subfield code="a">1525-3171</subfield>
   </datafield>
   <datafield ind1="8" ind2=" " tag="024">
      <subfield code="a">http://hdl.handle.net/20.500.12327/4644</subfield>
   </datafield>
   <datafield ind1="8" ind2=" " tag="024">
      <subfield code="a">https://doi.org/10.1093/ps/76.12.1728</subfield>
   </datafield>
   <datafield ind2="0" ind1="0" tag="245">
      <subfield code="a">Bioefficacy of enzyme preparations containing beta-glucanase and xylanase activities in broiler diets based on barley or wheat, in combination with flavomycin</subfield>
   </datafield>
</record></metadata></record></GetRecord></OAI-PMH>